Deep Work: (Record no. 587932)
[ view plain ]
| 000 -LEADER | |
|---|---|
| fixed length control field | 00395nam a22001337a 4500 |
| 020 ## - INTERNATIONAL STANDARD BOOK NUMBER | |
| International Standard Book Number | 9780349411903 |
| 082 ## - DEWEY DECIMAL CLASSIFICATION NUMBER | |
| Classification number | 650.1 |
| 100 ## - MAIN ENTRY--PERSONAL NAME | |
| Personal name | Newport, Cal |
| 245 ## - TITLE STATEMENT | |
| Title | Deep Work: |
| Remainder of title | Rules for focused success in a destructed world / |
| Statement of responsibility, etc. | Cal Newport |
| 260 ## - PUBLICATION, DISTRIBUTION, ETC. | |
| Place of publication, distribution, etc. | Great Britain : |
| Name of publisher, distributor, etc. | Piatkus, |
| Date of publication, distribution, etc. | 2016. |
| 300 ## - PHYSICAL DESCRIPTION | |
| Extent | 296p. ; |
| Dimensions | 23 cm. |
| 942 ## - ADDED ENTRY ELEMENTS (KOHA) | |
| Source of classification or shelving scheme | |
| Koha item type | Book |
| Withdrawn status | Lost status | Source of classification or shelving scheme | Damaged status | Not for loan | Permanent Location | Current Location | Date acquired | Source of acquisition | Total Checkouts | Total Renewals | Full call number | Barcode | Date last seen | Date last checked out | Price effective from | Koha item type |
|---|---|---|---|---|---|---|---|---|---|---|---|---|---|---|---|---|
| Central Library (CL) | Central Library (CL) | 02/17/2022 | Allied Books | 3 | 4 | 650.1 NEW | CL-950 | 02/19/2026 | 01/19/2026 | 02/17/2022 | Book |
